000 00765cam a2200253 4500
001 ABS66881
008 030731n2003 000 0 eng u
035 _a(Sirsi) u123164
245 _aFocus 2003: Cheshire and north Wales
260 _c2003
490 _aEstates Gazette
_v(0328) 21 June 2003, 87-113(11)
590 _aABS
650 _aCHESHIRE
650 _aNORTH WALES
650 _aCHESTER
650 _aWARRINGTON
650 _aBANGOR
650 _aNORTHWICH
650 _aPROPERTY-COMMERCIAL PROPERTY-OFFICE PROPERTY-OFFICE PROPERTY MARKET
650 _aINDUSTRIAL MARKET
650 _aPROPERTY-COMMERCIAL PROPERTY-RETAIL PROPERTY-RETAIL PROPERTY MARKET
690 _aPROPERTY-COMMERCIAL PROPERTY-COMMERCIAL PROPERTY MARKET
942 _n0
999 _c73143
_d73143